[Event "AUTO-INT-3960"]
[Site "http://www.queenalice.com/game.php?id=1869230"]
[Date "2026.2.13"]
[Round "1"]
[White "ajr"]
[Black "juim"]
[Result "1-0"]
[WhiteElo "1666"]
[BlackElo "1574"]

1. d4 d5 2. h3 e6 3. Nf3 Bd6 4. a3 Nf6 5. Bg5 O-O 6. Bxf6 Qxf6 7. e3 e5 8. dxe5
Bxe5 9. Nxe5 Qxe5 10. Qd4 Qxd4 11. exd4 Nc6 12. c3 a6 13. Be2 Bf5 14. Nd2 Na5
15. f3 b5 16. g4 Bg6 17. h4 Rfe8 18. Kf2 f5 19. g5 Nb7 20. f4 Re7 21. Bf3 Bf7
22. Rhe1 Rxe1 23. Rxe1 Na5 24. Re5 g6 25. Bxd5 Bxd5 26. Rxd5 c6 27. Re5 Nb7 28.
Nb3 a5 29. Nc5 Nd6 30. Re6 Nf7 31. Rxc6 Nd8 32. Rb6 Nf7 33. Rxb5 Nd6 34. Rb6 Nc4
35. Rb5 Re8 36. Nd3 Re3 37. Ne5 Rh3 38. Nxc4 Rxh4 39. Kg3 Rg4+ 40. Kf3 Rg1 41.
Kf2 Rh1 42. Rxa5 h6 43. gxh6 Rxh6 44. Kg3 Rh1 45. Kg2 Re1 46. b4 Kg7 47. d5 Rc1
48. d6 Rd1 49. Kf2 Rd3 50. Ra7+ Kh6 51. d7 Kh5 52. b5 Rd5 53. Ne5 g5 54. Nf7 g4
55. d8=Q Rxd8 56. Nxd8 Kh4 57. Rh7# 1-0

[Event "AUTO-INT-3960"]
[Site "http://www.queenalice.com/game.php?id=1869231"]
[Date "2026.2.13"]
[Round "1"]
[White "juim"]
[Black "ajr"]
[Result "0-1"]
[WhiteElo "1579"]
[BlackElo "1632"]

1. e4 e5 2. d4 exd4 3. Qxd4 Nc6 4. Qd1 a6 5. Bf4 g5 6. Be3 Nf6 7. Bxg5 h6 8. Bh4
Be7 9. Nc3 Bb4 10. a3 Bxc3+ 11. bxc3 Qe7 12. Qf3 Qxe4+ 13. Be2 Qxh4 14. Qe3+ Qe4
15. Qxe4+ Nxe4 16. c4 f5 17. Nf3 d6 18. c5 dxc5 19. O-O Ke7 20. Nh4 Kf6 21. Bf3
Nd2 22. Rfe1 Nxf3+ 23. Nxf3 Bd7 24. Re2 Rhe8 25. Rd2 Rad8 26. Nh4 Re4 27. Nf3
Nd4 28. Ne1 Bb5 29. Rad1 Be2 30. Rb1 b6 31. f3 Re3 32. Kf2 Rxa3 33. Nd3 Bxd3 34.
cxd3 Nc6 35. Re1 Ne5 36. f4 Nxd3+ 37. Kf1 Rd4 38. Re3 Ra1+ 39. Ke2 Nxf4+ 40. Kf3
Rxd2 41. Re8 Ne6 42. h4 Ra3# 0-1

[Event "AUTO-ADV-4919"]
[Site "http://www.queenalice.com/game.php?id=1869318"]
[Date "2026.2.15"]
[Round "1"]
[White "MHRangel"]
[Black "juim"]
[Result "1-0"]
[WhiteElo "1839"]
[BlackElo "1530"]

1. d4 d5 2. Bg5 f6 3. Bf4 Nc6 4. e3 Be6 5. Bb5 Bd7 6. a3 Nh6 7. Nf3 a6 8. Bd3 g5
9. Bxg5 fxg5 10. Nxg5 e6 11. Qh5+ Ke7 12. Nxh7 Nf7 13. Qh4+ Ke8 14. Qxd8+ Ncxd8
15. Nxf8 Rxf8 16. Nd2 e5 17. O-O-O Nc6 18. Bg6 a5 19. Nb3 e4 20. Nc5 Bg4 21. Rd2
b6 22. Nb3 Ne7 23. h3 Be6 24. Bh5 Kd7 25. g4 Ng5 26. Re2 Nf3 27. Nd2 Bf7 28.
Nxf3 Bxh5 29. Ne5+ Kc8 30. gxh5 Rh8 31. f3 exf3 32. Nxf3 Rxh5 33. Ne5 Kb7 34. b3
Rg8 35. Ng4 Rhg5 36. e4 dxe4 37. Rxe4 Nd5 38. c4 Nc3 39. Re5 Rxe5 40. Nxe5 Ne4
41. Re1 Nd6 42. Re3 Rg2 43. c5 Nb5 44. c6+ Ka6 45. d5 Nd6 46. Nc4 Rg5 47. Rd3
Ne4 48. a4 Nc5 49. Rc3 Rxd5 50. Re3 Nd3+ 51. Kb1 Nb4 52. Re7 Nxc6 53. Rxc7 Na7
54. Rh7 Nc6 55. Rh6 Rc5 56. Kb2 b5 57. Nd6 b4 58. Ne4 Re5 59. Rxc6+ Kb7 60. Rc4
Rh5 61. Nd6+ Kb6 62. h4 Rd5 63. Nc8+ Kb7 64. Ne7 Rd2+ 65. Rc2 Rd7 66. Nc6 Rh7
67. Rc4 Ka6 68. Nxb4+ axb4 69. Rxb4 Re7 70. Rc4 Re5 71. Rc6+ Kb7 72. Rh6 Kc7 73.
Kc3 Rc5+ 74. Kb4 Rf5 75. a5 Kb7 76. a6+ Ka7 77. Ka4 Re5 78. b4 Re4 79. Ka5 Rf4
80. Rh7+ Kb8 81. b5 Rf1 82. h5 Kc8 83. a7 Ra1+ 84. Kb6 1-0

[Event "AUTO-ADV-4919"]
[Site "http://www.queenalice.com/game.php?id=1869319"]
[Date "2026.2.15"]
[Round "1"]
[White "juim"]
[Black "MHRangel"]
[Result "0-1"]
[WhiteElo "1620"]
[BlackElo "1776"]

1. e4 b6 2. d4 Bb7 3. Bc4 e6 4. Nf3 d5 5. exd5 exd5 6. Bd3 Nc6 7. O-O Nf6 8. Bg5
Be7 9. Ne5 O-O 10. Ng4 Ne4 11. Bxe7 Nxe7 12. Bxe4 dxe4 13. Nc3 Nf5 14. Ne5 Qg5
15. Re1 e3 16. fxe3 Qxg2# 0-1

[Event "AUTO-ADV-4919"]
[Site "http://www.queenalice.com/game.php?id=1869332"]
[Date "2026.2.15"]
[Round "1"]
[White "juim"]
[Black "game"]
[Result "0-1"]
[WhiteElo "1600"]
[BlackElo "1548"]

1. e4 b5 2. Bxb5 Bb7 3. d3 e5 4. Nf3 Qf6 5. O-O Nc6 6. Bg5 Qd6 7. Nc3 f6 8. Bh4
g5 9. Bg3 O-O-O 10. Nd5 Bg7 11. d4 a6 12. Ba4 Qe6 13. dxe5 Nxe5 14. Re1 Bc6 15.
Bxc6 dxc6 16. Qe2 cxd5 17. Nxe5 fxe5 18. Red1 d4 19. c3 Ne7 20. Rdc1 d3 21. Qe3
d2 22. Rd1 Rd6 23. Qe2 Rhd8 24. Qh5 h6 25. b3 Ng8 26. Qe2 Rd3 27. f3 h5 28. Rab1
Bh6 29. Rb2 g4 30. Bh4 gxf3 31. gxf3 Qg6+ 32. Qg2 Be3+ 33. Kh1 Qxg2+ 34. Kxg2
R8d6 35. Rc2 Rg6+ 36. Bg3 Bf4 37. Kf1 Rxf3+ 38. Ke2 Re3+ 39. Kf2 Rxe4 40. Bxf4
Rxf4+ 41. Ke3 Rgf6 42. Rdxd2 Nh6 43. Rd5 Rf3+ 44. Ke4 Nf7 45. Rd3 R3f4+ 46. Kd5
Rd6+ 47. Kc5 Rxd3 48. c4 e4 49. Rg2 Kb7 50. Rg6 Rf5+ 51. Kb4 e3 52. c5 e2 53.
Ka5 e1=Q+ 54. Ka4 Rd4+ 55. Ka3 Qc1# 0-1

[Event "AUTO-ADV-4919"]
[Site "http://www.queenalice.com/game.php?id=1869333"]
[Date "2026.2.15"]
[Round "1"]
[White "game"]
[Black "juim"]
[Result "1-0"]
[WhiteElo "1714"]
[BlackElo "1602"]

1. e4 d5 2. e5 e6 3. d4 Be7 4. b3 Bb4+ 5. Bd2 Bxd2+ 6. Nxd2 Ne7 7. c4 dxc4 8.
Nxc4 O-O 9. Bd3 Qd5 10. Ne2 Qxg2 11. Rg1 Qxh2 12. Bb1 Nd5 13. Bd3 Nf4 14. Kd2
Nxd3 15. Kxd3 Qxf2 16. Kd2 b6 17. Rh1 Na6 18. Qb1 Bb7 19. Qxh7# 1-0

[Event "AUTO-ADV-4919"]
[Site "http://www.queenalice.com/game.php?id=1869334"]
[Date "2026.2.15"]
[Round "1"]
[White "juim"]
[Black "mvson33"]
[Result "0-1"]
[WhiteElo "1622"]
[BlackElo "1812"]

1. e4 e5 2. d4 exd4 3. Qxd4 Nc6 4. Qd1 d6 5. Bf4 Nf6 6. Bg5 Be7 7. Bxf6 Bxf6 8.
c3 O-O 9. Qf3 Nb4 10. Qe2 Nc6 11. g3 b6 12. Nd2 Bb7 13. Nc4 Re8 14. Bg2 Ne5 15.
O-O-O Nxc4 16. Nf3 Ne5 17. Nxe5 Bxe5 18. Qg4 Bf6 19. Bh3 Bc8 20. Qh5 Bxh3 21.
Qxh3 Rxe4 22. f3 Re7 23. f4 Qd7 24. Qxd7 Rxd7 25. g4 Re8 26. g5 Bd8 27. h4 Rde7
28. f5 Re2 29. h5 Bxg5+ 30. Kb1 Rg2 31. Rh3 Ree2 32. a3 Rxb2+ 33. Ka1 Ra2+ 0-1

[Event "AUTO-ADV-4919"]
[Site "http://www.queenalice.com/game.php?id=1869335"]
[Date "2026.2.15"]
[Round "1"]
[White "mvson33"]
[Black "juim"]
[Result "1-0"]
[WhiteElo "1847"]
[BlackElo "1614"]

1. e4 d5 2. exd5 Qxd5 3. Nc3 Qd8 4. Nf3 e6 5. Bc4 Bb4 6. O-O Nf6 7. d3 Bxc3 8.
bxc3 O-O 9. Bg5 h6 10. Bh4 b6 11. Re1 Nc6 12. Ne5 Na5 13. Bb3 c5 14. Qe2 Bb7 15.
Nf3 Nxb3 16. cxb3 Bd5 17. d4 cxd4 18. Nxd4 Rc8 19. Rad1 Qd6 20. c4 e5 21. cxd5
Nxd5 22. Nf3 Qb4 23. Qxe5 Nf4 24. Qd4 Qxd4 25. Rxd4 Rc2 26. Rxf4 Rxa2 27. Ra4
Rxa4 28. bxa4 f5 29. Re7 a6 30. Rb7 b5 31. axb5 axb5 32. Rxb5 g6 33. Rb7 g5 34.
Nxg5 hxg5 35. Bxg5 Rc8 36. g3 Rf8 37. h4 Ra8 38. h5 Ra5 39. h6 f4 40. h7+ Kf8
41. h8=R# 1-0

[Event "AUTO-OPEN-4639"]
[Site "http://www.queenalice.com/game.php?id=1869403"]
[Date "2026.2.18"]
[Round "1"]
[White "mvson33"]
[Black "juim"]
[Result "1-0"]
[WhiteElo "1875"]
[BlackElo "1586"]

1. e4 d5 2. exd5 Qxd5 3. Nc3 Qd8 4. Nf3 e6 5. Bc4 Bb4 6. O-O Bxc3 7. dxc3 Qxd1
8. Rxd1 Nf6 9. Bf4 c6 10. Bg5 Nbd7 11. Re1 O-O 12. Rad1 Nb6 13. Bb3 h6 14. Bh4
Nbd5 15. c4 Nb4 16. a3 Na6 17. Rd2 b5 18. cxb5 Nc7 19. bxc6 Nh5 20. Rd8 Ba6 21.
Rxa8 Nxa8 22. Ne5 Nc7 23. Bg3 Nb5 24. Bc4 Nf6 25. Nd7 Nxd7 26. cxd7 Rd8 27. Rd1
Kf8 28. Bxb5 Bxb5 29. Bc7 Rxd7 30. Rxd7 Bxd7 31. Kf1 e5 32. Bxe5 Bf5 33. c3 f6
34. Bd6+ Kf7 35. Ke2 Be6 36. Kd3 Bf5+ 37. Kc4 Be4 38. g3 Ke6 39. Bb8 Kf5 40.
Bxa7 Kg4 41. b4 Kh3 42. b5 g5 43. a4 Kxh2 44. a5 f5 45. b6 h5 46. a6 f4 47. gxf4
gxf4 48. Bb8 Kg2 49. Bxf4 Kxf2 50. b7 Ke2 51. b8=Q Bd3+ 52. Kd4 h4 53. Qe8+ Kf3
54. Kxd3 h3 55. Bd6 1-0

[Event "AUTO-OPEN-4639"]
[Site "http://www.queenalice.com/game.php?id=1869404"]
[Date "2026.2.18"]
[Round "1"]
[White "juim"]
[Black "mvson33"]
[Result "0-1"]
[WhiteElo "1605"]
[BlackElo "1870"]

1. e4 d5 2. e5 Bf5 3. d3 e6 4. Bf4 h6 5. Qh5 Nd7 6. Nc3 Bg6 7. Qf3 Bb4 8. Bd2
Ne7 9. O-O-O Nc6 10. Nh3 Qe7 11. Nf4 Bh7 12. g3 O-O-O 13. Nh5 Rhg8 14. Nxg7 Rxg7
15. Be2 Rdg8 16. Na4 Bxd2+ 17. Rxd2 Nb6 18. Nxb6+ axb6 19. d4 Be4 20. Qh5 Bxh1
21. Qxh6 Be4 22. Qf6 Qxf6 23. exf6 Rg6 24. f3 Bf5 25. g4 Rxf6 26. gxf5 Rxf5 27.
b3 Rfg5 28. Bb5 Rg2 29. Rd1 Rg1 30. Be2 Rxd1+ 31. Bxd1 Rh8 32. Be2 Rxh2 33. Bb5
Nxd4 34. Bd3 Nxf3 35. Bb5 Nd4 36. Bd3 e5 37. Kb2 e4 38. Bb5 Rxc2+ 39. Ka3 Nxb5+
40. Kb4 e3 0-1

[Event "AUTO-OPEN-4639"]
[Site "http://www.queenalice.com/game.php?id=1869428"]
[Date "2026.2.18"]
[Round "1"]
[White "Castling"]
[Black "juim"]
[Result "1-0"]
[WhiteElo "1747"]
[BlackElo "1565"]

1. e4 d5 2. e5 e6 3. d4 Bb4+ 4. Bd2 Ne7 5. Bxb4 O-O 6. Nf3 Nbc6 7. Qd2 Nxb4 8.
Qxb4 a5 9. Qd2 Nf5 10. Bd3 b6 11. Nc3 Bb7 12. O-O-O Nh4 13. Nxh4 Qxh4 14. Nb5 g6
15. Nxc7 Rac8 16. g3 Qxd4 17. Nb5 Qc5 18. Nd6 Rc7 19. Nxb7 Rxb7 20. f4 b5 21.
Qxa5 Ra7 22. Qxb5 Qe3+ 23. Kb1 Rfa8 24. a3 Ra5 25. Qb3 Qa7 26. Ka2 Rb8 27. Qc3
d4 28. Qd2 Rxb2+ 29. Kxb2 Qc5 30. Ra1 Ra7 31. Qb4 Qd5 32. Qb8+ Kg7 33. Qxa7 h5
34. Qb6 Qg2 35. Qxd4 Qb7+ 36. Qb4 Qg2 37. Rag1 Qf3 38. Be4 Qe3 39. Bd3 Qa7 40.
g4 h4 41. f5 exf5 42. gxf5 Qc7 43. e6 Qe5+ 44. Qc3 Qxc3+ 45. Kxc3 1-0

[Event "AUTO-OPEN-4641"]
[Site "http://www.queenalice.com/game.php?id=1869908"]
[Date "2026.2.27"]
[Round "1"]
[White "SGF"]
[Black "juim"]
[Result "1-0"]
[WhiteElo "1746"]
[BlackElo "1571"]

1. e4 d5 2. exd5 Qxd5 3. Nc3 Qd8 4. Bb5+ Bd7 5. Qe2 Bxb5 6. Qxb5+ Nc6 7. Qxb7
Ne5 8. Qb5+ Nd7 9. Nf3 Rb8 10. Qa4 e6 11. Qxa7 Bb4 12. Qa4 Nf6 13. Ne5 Bxc3 14.
bxc3 O-O 15. Nxd7 Nxd7 16. O-O Nc5 17. Qd4 Qxd4 18. cxd4 Ne4 19. f3 Nd6 20. Ba3
Rfd8 21. Bxd6 Rxd6 22. c3 Rdb6 23. a4 h6 24. a5 c6 25. axb6 Rxb6 26. g4 Rb2 27.
Rf2 Rb5 28. Ra6 c5 29. c4 Rb4 30. d3 cxd4 31. c5 Kf8 32. c6 Rb8 33. c7 Rc8 34.
Rc2 Ke7 35. Rb6 Kd7 36. f4 g6 37. h4 f6 38. Kf2 h5 39. gxh5 gxh5 40. Kf3 f5 41.
Rb8 Rxc7 42. Rxc7+ Kd6 43. Rh7 e5 44. Rh6+ Kc5 45. Rxh5 Kd5 46. Rxf5 1-0

[Event "AUTO-OPEN-4641"]
[Site "http://www.queenalice.com/game.php?id=1869909"]
[Date "2026.2.27"]
[Round "1"]
[White "juim"]
[Black "SGF"]
[Result "0-1"]
[WhiteElo "1582"]
[BlackElo "1717"]

1. e4 e5 2. d4 Qf6 3. d5 Bc5 4. Nf3 h6 5. Nc3 c6 6. dxc6 bxc6 7. Bc4 a5 8. O-O
Ba6 9. Bxa6 Rxa6 10. Na4 Bd4 11. Nxd4 exd4 12. e5 Qh4 13. Nc5 Rb6 14. g3 Qe7 15.
Qxd4 d5 16. exd6 Qf6 17. Bf4 Qxd4 18. Nb3 Qxb2 19. Rfe1+ Kf8 20. Bc1 Qc3 21. Ba3
Nd7 22. Re3 Qxc2 23. Rae1 Ngf6 24. R3e2 Qd3 25. Rd2 Qc3 26. Rc1 Qf3 27. Bb2 Ne4
28. Nd4 Qg4 29. Rd3 Rxb2 30. Rf1 Kg8 31. Nxc6 Nxf2 32. Rxf2 Rxf2 33. Kxf2 Qc4
34. Ne7+ Kh7 35. Rd2 Nf6 36. Re2 Qc5+ 37. Kf1 Qxd6 38. Nf5 Qd1+ 39. Kf2 Ng4+ 40.
Kf3 Nxh2+ 41. Ke3 Re8+ 0-1

[Event "AUTO-OPEN-4641"]
[Site "http://www.queenalice.com/game.php?id=1869948"]
[Date "2026.2.27"]
[Round "1"]
[White "juim"]
[Black "cerenzo72"]
[Result "0-1"]
[WhiteElo "1607"]
[BlackElo "2194"]

1. e4 e5 2. d4 exd4 3. Qxd4 Nc6 4. Qe3 Nf6 5. Bb5 Nb4 6. Qc3 Nxe4 7. Qb3 Qf6 8.
f3 Qh4+ 9. g3 Nxg3 10. Nc3 Nxh1+ 11. Ke2 Qf2+ 12. Kd1 Qxg1+ 13. Kd2 Qxh2+ 14.
Ke3 Bc5+ 15. Ke4 O-O 16. Bf4 Nf2+ 17. Ke5 d6# 0-1

[Event "AUTO-OPEN-4641"]
[Site "http://www.queenalice.com/game.php?id=1869949"]
[Date "2026.2.27"]
[Round "1"]
[White "cerenzo72"]
[Black "juim"]
[Result "1-0"]
[WhiteElo "2169"]
[BlackElo "1555"]

1. b3 d5 2. Bb2 e6 3. e3 Bc5 4. g3 Nf6 5. Bg2 d4 6. exd4 Bd6 7. Ne2 c6 8. Nbc3
Bb4 9. O-O O-O 10. Ne4 Nxe4 11. Bxe4 Nd7 12. c3 Bd6 13. c4 Nf6 14. Bd3 b6 15.
Qc2 c5 16. d5 exd5 17. cxd5 Nxd5 18. Bxh7+ Kh8 19. Be4 Nb4 20. Qc3 f6 21. Bxa8
Ba6 22. Bf3 Be5 23. d4 Bxd4 24. Nxd4 Bxf1 25. Rxf1 Qxd4 26. Qxd4 cxd4 27. Bxd4
Nxa2 28. Ra1 Nb4 29. Rxa7 b5 30. Bc5 Rd8 31. Bxb4 Rd3 32. Bc6 Rxb3 33. Bf8 b4
34. Bxg7+ Kh7 35. Bxf6+ Kg6 36. Be7 Kf5 37. Rb7 Rb2 38. Rxb4 Rc2 39. Be4+ 1-0

[Event "AUTO-INT-3962"]
[Site "http://www.queenalice.com/game.php?id=1870242"]
[Date "2026.3.9"]
[Round "1"]
[White "juim"]
[Black "Ruusgugg"]
[Result "0-1"]
[WhiteElo "1562"]
[BlackElo "1470"]

1. e4 b6 2. d4 Bb7 3. d5 e5 4. dxe6 f6 5. exd7+ Nxd7 6. Bf4 g5 7. Nc3 gxf4 8. f3
h5 9. Bd3 c5 10. Nge2 Bd6 11. O-O Ne5 12. Nxf4 Nxd3 13. Nxd3 c4 14. Nf2 Qc7 15.
g3 h4 16. g4 Bxh2+ 17. Kh1 Rd8 18. Qe2 Ba6 19. Nh3 Bg3 20. Qe3 Ne7 21. Nd5 Nxd5
22. exd5+ Be5 23. Qa3 c3 24. b3 Rxd5 25. Qxa6 Rd2 26. Qc4 Qd6 27. Qa4+ Kf8 28.
Qxa7 Rh2+ 29. Kg1 Qd4+ 30. Nf2 Qf4 31. Ne4 Rxc2 32. Rf2 Rxf2 33. Nxf2 Qg3+ 34.
Kf1 Bd4 35. Ke2 Qxf2+ 36. Kd3 Qe3+ 37. Kc2 Qd2+ 38. Kb1 Qb2# 0-1

[Event "AUTO-INT-3962"]
[Site "http://www.queenalice.com/game.php?id=1870243"]
[Date "2026.3.9"]
[Round "1"]
[White "Ruusgugg"]
[Black "juim"]
[Result "0-1"]
[WhiteElo "1513"]
[BlackElo "1542"]

1. b4 d5 2. a4 e6 3. c3 Bd6 4. g4 Nh6 5. e3 Be5 6. f4 Bd6 7. g5 Nf5 8. Bb2 O-O
9. Nf3 f6 10. gxf6 Rxf6 11. c4 Rg6 12. Ne5 Bxe5 13. Bxe5 Na6 14. b5 Nc5 15. h4
h5 16. Qxh5 Rh6 17. Qg4 Ne4 18. d3 Nf6 19. Qg5 Rg6 20. Bxf6 Qxf6 21. Qxf6 Rxf6
22. Ra2 Nxe3 23. Bh3 Rxf4 24. h5 Rh4 25. Re2 d4 26. Bxe6+ Bxe6 27. Rxh4 Bf5 28.
h6 g6 29. Rxd4 Re8 30. Nc3 Nc2+ 31. Kd2 Rxe2+ 32. Nxe2 Nxd4 33. Nxd4 Bh3 34. c5
Kh7 35. Ne6 Bxe6 36. a5 Kxh6 37. d4 Bc4 38. b6 cxb6 39. Kc3 Bd5 40. Kb4 bxc5+
41. Kxc5 Bg2 42. Kc4 g5 43. Kd3 Kh5 44. Ke3 Kh4 45. Kf2 Kh3 46. Kg1 b5 0-1

[Event "AUTO-INT-3962"]
[Site "http://www.queenalice.com/game.php?id=1870245"]
[Date "2026.3.9"]
[Round "1"]
[White "Ditto"]
[Black "juim"]
[Result "0-1"]
[WhiteElo "1346"]
[BlackElo "1546"]

1. e4 d5 2. e5 e6 3. d4 Nc6 4. Nf3 Bb4+ 5. c3 Ba5 6. Bb5 Bd7 7. O-O a6 8. Ba4
Nge7 9. Bg5 O-O 10. Qd3 h6 0-1

[Event "AUTO-INT-3962"]
[Site "http://www.queenalice.com/game.php?id=1870246"]
[Date "2026.3.9"]
[Round "1"]
[White "juim"]
[Black "TammieM3ENF"]
[Result "1-0"]
[WhiteElo "1555"]
[BlackElo "1302"]

1. e4 e5 2. d4 d5 3. dxe5 d4 4. Nf3 d3 5. Bxd3 f6 6. exf6 gxf6 7. O-O h5 8. Bb5+
c6 9. Bc4 b5 10. Bb3 c5 11. Bd5 c4 12. c3 b4 13. Bf7+ Kxf7 14. Qxd8 bxc3 15.
Qd5+ Be6 16. Qxa8 f5 17. Qxb8 Nf6 18. Nxc3 fxe4 19. Ng5+ Kg7 20. Nxe6+ Kf7 21.
Nxf8 Rxf8 22. Qxa7+ Kg6 23. Bg5 Kxg5 24. Qc5+ Kg6 25. Qxf8 h4 26. Qd6 Kf5 27.
Rfe1 Kg4 28. Qxf6 h3 29. Rxe4+ Kh5 30. Rh4# 1-0

[Event "AUTO-INT-3962"]
[Site "http://www.queenalice.com/game.php?id=1870247"]
[Date "2026.3.9"]
[Round "1"]
[White "TammieM3ENF"]
[Black "juim"]
[Result "0-1"]
[WhiteElo "1296"]
[BlackElo "1561"]

1. d4 e5 2. d5 Bc5 3. d6 Bxd6 4. c3 Nf6 5. b4 Nc6 6. a4 Nxb4 7. cxb4 O-O 8. b5
a6 9. bxa6 Rxa6 10. a5 c6 11. Nf3 Rxa5 12. Bb2 Rxa1 13. Bxa1 b5 14. e4 Nxe4 15.
Nc3 Bb4 16. Bd3 Nxc3 17. Bxc3 Bxc3+ 18. Nd2 d5 19. O-O e4 20. Be2 Qa5 21. Kh1
Bxd2 22. Rg1 e3 23. fxe3 Bxe3 24. Rf1 Ba6 25. Qd3 Bb6 26. Rf3 b4 27. Rf2 Bxd3
28. Bxd3 Bxf2 29. h4 Bxh4 30. Kh2 d4 31. g3 Qe5 32. Kh3 Qxg3# 0-1

[Event "AUTO-INT-3955"]
[Site "http://www.queenalice.com/game.php?id=1871702"]
[Date "2026.4.8"]
[Round "2"]
[White "game"]
[Black "juim"]
[Result "1-0"]
[WhiteElo "1620"]
[BlackElo "1557"]

1. d4 d5 2. Nf3 Bg4 3. Nc3 e6 4. e3 Bb4 5. Bd2 Nf6 6. Be2 O-O 7. Ne5 Bxe2 8.
Qxe2 Ne4 9. Nxe4 Bxd2+ 10. Nxd2 Nc6 11. O-O Nxe5 12. dxe5 c6 13. Rad1 Qa5 14. a3
Qc7 15. f4 Qb6 16. Nf3 f6 17. b4 fxe5 18. Nxe5 Rf6 19. Nd7 Qa6 20. Nxf6+ Kf7 21.
Qxa6 bxa6 22. Nxh7 Rh8 23. Ng5+ Kf6 24. g4 Rh4 25. h3 Rh8 26. e4 dxe4 27. Nxe4+
Kg6 28. Nf2 Rf8 29. Nd3 Rd8 30. Ne5+ 1-0

[Event "AUTO-INT-3955"]
[Site "http://www.queenalice.com/game.php?id=1871703"]
[Date "2026.4.8"]
[Round "2"]
[White "juim"]
[Black "game"]
[Result "0-1"]
[WhiteElo "1544"]
[BlackElo "1602"]

1. e4 c6 2. Bd3 Nf6 3. Nf3 d6 4. O-O e5 5. b3 Be7 6. Ba3 O-O 7. Ng5 d5 8. Bxe7
Qxe7 9. exd5 Nxd5 10. Bxh7+ Kh8 11. h4 g6 12. Nc3 Nf6 13. g3 Nxh7 14. Nge4 f5
15. Re1 fxe4 16. Rxe4 Qf6 17. f4 exf4 18. Rxf4 Qd6 19. Ne4 Qc7 20. Qf3 Qg7 21.
c3 Bf5 22. Re1 Nd7 23. Nd6 Ne5 24. Qf2 Nd3 25. Nxf5 gxf5 26. Qh2 Nxe1 27. Kf2
Nd3+ 28. Kf3 Nxf4 29. gxf4 Rg8 30. d4 Rae8 31. Qh3 Qe7 32. Qxf5 Qe3# 0-1